| 000 | 01669nam a2200373 a 4500 | ||
|---|---|---|---|
| 001 | ebr10211427 | ||
| 003 | CaPaEBR | ||
| 006 | m u | ||
| 007 | cr cn||||||||| | ||
| 008 | 070105s2007 enk sb 001 0 eng | ||
| 010 | _z 2007000327 | ||
| 020 | _z9780754646167 (alk. paper) | ||
| 020 | _z0754646165 (alk. paper) | ||
| 040 |
_aCaPaEBR _cCaPaEBR |
||
| 035 | _a(OCoLC)244537314 | ||
| 043 | _aa-ii--- | ||
| 050 | 1 | 4 |
_aKNS516 _b.P38 2007eb |
| 082 | 0 | 4 |
_a346.5404/32 _222 |
| 100 | 1 | _aPatel, Reena. | |
| 245 | 1 | 0 |
_aHindu women's property rights in rural India _h[electronic resource] : _blaw, labour and culture in action / _cReena Patel. |
| 260 |
_aAldershot, England ; _aBurlington, VT : _bAshgate, _cc2007. |
||
| 300 | _aix, 145 p. | ||
| 504 | _aIncludes bibliographical references (p. [125]-139) and index. | ||
| 505 | 0 | _aA conceptual map -- The development of females' proprietary rights in Hindu law -- Conversations : what women think -- An evaluation of women's self-interest in the Hindu law of succession -- Women, work and land rights. | |
| 533 |
_aElectronic reproduction. _bPalo Alto, Calif. : _cebrary, _d2013. _nAvailable via World Wide Web. _nAccess may be limited to ebrary affiliated libraries. |
||
| 650 | 0 | _aWomen (Hindu law) | |
| 650 | 0 |
_aWomen peasants _xLegal status, laws, etc. _zIndia. |
|
| 650 | 0 |
_aRight of property _zIndia. |
|
| 650 | 0 | _aProperty (Hindu law) | |
| 650 | 0 | _aInheritance and succession (Hindu law) | |
| 655 | 7 |
_aElectronic books. _2local |
|
| 710 | 2 | _aebrary, Inc. | |
| 856 | 4 | 0 |
_uhttp://site.ebrary.com/lib/rucke/Doc?id=10211427 _zAn electronic book accessible through the World Wide Web; click to view |
| 999 |
_c228892 _d228892 |
||